Survey on diarrhea of piglet at sangkat kampong pranak preah vihear city preah vihear province, ការអង្កេតលើជំងឺរាគកូនជ្រូកជាលក្ខណៈគ្រួសារក្នុងសង្កេត់កមពង់ប្រណាក​​ ក្នុងព្រះវិហារ​ខេត្តព្រះវិហារ (Record no. 2796)

000 -LEADER
fixed length control field 00743nam a22001577a 4500
003 - CONTROL NUMBER IDENTIFIER
control field OSt
005 - DATE AND TIME OF LATEST TRANSACTION
control field 20151027160835.0
008 - FIXED-LENGTH DATA ELEMENTS--GENERAL INFORMATION
fixed length control field 151027b xxu||||| |||| 00| 0 eng d
040 ## - CATALOGING SOURCE
Transcribing agency RUA
082 ## - DEWEY DECIMAL CLASSIFICATION NUMBER
Classification number AVM SAM 2013 B111 Or.1
100 ## - MAIN ENTRY--PERSONAL NAME
9 (RLIN) 2982
Personal name SAM, BORA.
245 ## - TITLE STATEMENT
Title Survey on diarrhea of piglet at sangkat kampong pranak preah vihear city preah vihear province, ការអង្កេតលើជំងឺរាគកូនជ្រូកជាលក្ខណៈគ្រួសារក្នុងសង្កេត់កមពង់ប្រណាក​​ ក្នុងព្រះវិហារ​ខេត្តព្រះវិហារ
260 ## - PUBLICATION, DISTRIBUTION, ETC. (IMPRINT)
Place of publication, distribution, etc. Phnom Penh
Name of publisher, distributor, etc. RUA
Date of publication, distribution, etc. 2013
300 ## - PHYSICAL DESCRIPTION
Extent ix; 43p.
Other physical details ill.
Dimensions 29cm.
942 ## - ADDED ENTRY ELEMENTS (KOHA)
Source of classification or shelving scheme
Koha item type AVM
Holdings
Price effective from Date last seen Permanent Location Not for loan Date acquired Source of classification or shelving scheme Koha item type Lost status Withdrawn status Date last checked out Total Checkouts Shelving location Damaged status Barcode Current Location Full call number
2015-10-272015-10-27Library Block B 2015-10-27 AVM    B111 RUA015519Library Block BAVM SAM 2013 B111 Or.1
2015-10-272015-10-27Library Block B 2015-10-27 AVM    B111 RUA015447Library Block BAVM SAM 2013 B111 Or.2
2015-10-272015-10-27Library Block B 2015-10-27 AVM    B111 RUA018233Library Block BAVM SAM 2013 B111 Or.3
2015-10-272015-10-27Library Block B 2015-10-27 AVM    B111 RUA018161Library Block BAVM SAM 2013 B111 Or.4
2015-10-272015-10-27Library Block B 2015-10-27 AVM    B111 RUA018227Library Block BAVM SAM 2013 B111 Or.5
2015-10-272015-10-27Library Block B 2015-10-27 AVM    B111 RUA018305Library Block BAVM SAM 2013 B111 Or.6
2015-10-272016-04-20Library Block B 2015-10-27 AVM  2016-03-231B111 RUA018443Library Block BAVM SAM 2013 B111 Or.7
2015-10-272022-01-28Library Block B 2015-10-27 AVM  2022-01-211B111 RUA017825Library Block BAVM SAM 2013 B111 Or.8
មជ្ឈមណ្ឌលឯការនៃសាកលវិទ្យាល័យភូមិន្ទកសិកម្មចំការដូង

Powered by Koha